Responses for Show #5927 - Tuesday, May 25, 2010

Buddy Wright game 5.

Contestants

[<< previous game]

Tom LaPorta, a web designer from Jacksonville, Florida

Amy Watts, a college reference librarian originally from Knoxville, Tennessee

Buddy Wright, an operations engineer from Fort Worth, Texas (whose 4-day cash winnings total $88,804)

[next game >>]

Jeopardy! Round responses

THE MIDDLE OF SOMEWHERE
BASEBALL ROOKIES OF THE YEAR
(Alex: You identify the team for us, please.)
DRINK VARIATIONS
"ALLO" DARLIN'
WHATCHA DOIN'?
FANCY A BRITISH DATE?
    $200 5
the capital

Tom
    $200 26
the New York Yankees

Tom
    $200 15
a piƱa colada

Buddy
    $200 19
a gallop

Buddy
    $200 10
a bowling alley

Amy
    $200 1
(Tom: What is Ireland?)

Scotland

Tom
Triple Stumper
    $400 6
Derby

Buddy
    $400 27
the Mets

Triple Stumper
    $400 16
tequila

Buddy
    $400 21
a scallop

Amy
    $400 11
(Tom: What is making copies?)

sharpening a pencil

AmyTom
    $400 2
Oxford

Buddy
    $600 7
Mandalay

Triple Stumper
    $600 28
the Reds

Buddy
    $600 17
a greyhound

Amy
    $600 22
an alloy

Buddy
    $600 12
an adding machine

Buddy
    $1,000 3
(Buddy: What is the Seven Days' War?)

Suez Crisis

Buddy
    $800 8
Australia

Buddy
    $800 29
San Francisco Giants

Triple Stumper
    $800 18
a Russian

Tom
    $800 23
swallow

Tom
    $800 13
ping pong

Buddy
    $800 4
the British Houses of Parliament

Triple Stumper
    $1000 9
Poland

Buddy
    $1000 30
(Amy: Who are the White Sox?)

the Boston Red Sox

Amy
Triple Stumper
    $1000 20
(Buddy: What is a gimlet?)

a Gibson

BuddyAmy
    $1000 25
(Alex: Yes, with less than a minute to go.)

the Fallopian tubes

Tom
    $1000 14
make a toast

Amy
    $1000 24
Canada

Triple Stumper

Scores at the first commercial break (after clue 12):

Buddy Amy Tom
$2,200 $600 -$400

Scores at the end of the Jeopardy! Round:

Buddy Amy Tom
$4,000 $2,600 $2,400

Double Jeopardy! Round responses

EUROPEAN ARTISTS
BANDS IN MOVIES
BIB-LICKAL EVENTS
ORGANIZATIONS & AWARDS
(Alex: You have to give us the English name of each element in...)
ELEMENTAL LATIN
BEAT "OU"
(Alex: Each correct response will end with those two letters of the alphabet.)
    $400 26
(Amy: Uh, who is Van Gogh?)

Paul Gauguin

Amy
Triple Stumper
    $400 1
Animal House

Amy
    $400 16
Solomon

Buddy
    $400 21
the Emmys

Buddy
    $400 11
gold

Buddy
    $400 6
you

Amy
    $800 27
(Alex: Less than a minute to go, Tom.)

George III

Triple Stumper
    $800 2
Purple Rain

Buddy
    $800 17
Israel

Tom
    $2,000 22
(Buddy: Uh...)

the Audubon Society

Buddy
    $800 12
iron

Amy
    $800 7
"Skip To My Lou"

Buddy
    $1200 28
Henri Matisse

Triple Stumper
    $1200 3
La Bamba

Buddy
    $1200 18
worms

Tom
    $1200 23
Science Fiction

Tom
    $1200 13
copper

Buddy
    $1200 8
a bayou

Tom
    $1600 29
El Greco

Buddy
    $1600 4
Head

Buddy
    $1600 19
Ahab

Triple Stumper
    $1600 24
the American Library Association

Tom
    $2,000 14
(Buddy: What is salt?)
(Alex: Oh, no.)
(Buddy: Oh! [Sighs])

sodium

Buddy
    $1600 9
a bijou

Amy
    $2000 30
Rembrandt

Triple Stumper
    $2000 5
The Hunger

Tom
    $2000 20
Lazarus

Tom
    $2000 25
(Buddy: What is the Jim Thorpe Award?)
(Amy: What is the Heisman Trophy?)

the Sullivan Award

BuddyAmy
Triple Stumper
    $2000 15
(Alex: What's the symbol for [*]? Hg.)

mercury

Triple Stumper
    $2000 10
froufrou

Buddy

Scores at the end of the Double Jeopardy! Round:

Buddy Amy Tom
$8,400 $3,400 $12,400

[wagering suggestions for these scores]

Final Jeopardy! Round responses

FAMILIAR PHRASES
AmyWhat is hold the rein
$0
BuddyWhat is damn the torped
$8,400
TomWhat is "Hold the Fort"?
$3,900
hold the fort

Final scores:

Buddy Amy Tom
$0 $3,400 $16,300
3rd place: $1,000 2nd place: $2,000 New champion: $16,300

Game dynamics:

Coryat scores:

Buddy Amy Tom
$13,400 $3,400 $12,400
21 R,
5 W
(including 3 DDs)
10 R,
3 W
12 R,
2 W

Combined Coryat: $29,200

[game clues] [game scores] [suggest correction]

Game tape date: 2010-02-09
The J! Archive is created by fans, for fans. Scraping, republication, monetization, and malicious use prohibited; this site may use cookies and collect identifying information. See terms. The Jeopardy! game show and all elements thereof, including but not limited to copyright and trademark thereto, are the property of Jeopardy Productions, Inc. and are protected under law. This website is not affiliated with, sponsored by, or operated by Jeopardy Productions, Inc. Join the discussion at JBoard.tv.